[Event "GER-ch Net blitz qual2"]
[Site "Playchess.com INT"]
[Date "2021.05.04"]
[Round "7"]
[White "Rissmann, Ulrich"]
[Black "Happe, Reinhold"]
[Result "1/2-1/2"]
[WhiteElo "1869"]
[BlackElo "1919"]
[PlyCount "154"]
[EventDate "2021.05.04"]
[EventType "swiss (blitz)"]
[EventRounds "11"]
[EventCountry "GER"]
[SourceTitle "CBM 202 Extra"]
[Source "ChessBase"]
[SourceDate "2021.07.31"]
[SourceVersion "1"]
[SourceVersionDate "2021.07.31"]
[SourceQuality "1"]

1. e4 e5 2. Nf3 d5 3. exd5 Bd6 4. Bc4 Nf6 5. 0-0 Bg4 6. h3 Bh5 7. d3 h6 8. Nc3 0-0 9. Ne4 Nbd7 10. Nxd6 cxd6 11. Bb3 Nc5 12. c4 Nxb3 13. axb3 a5 14. Bd2 b6 15. Be3 Nd7 16. g4 Bg6 17. Qe2 f5 18. Nh2 fxg4 19. Qxg4 Bf5 20. Qg2 Qh4 21. Ng4 Kh7 22. f4 Bxd3 23. Rf2 e4 24. f5 Nf6 25. Bf4 Rad8 26. Ne3 Nh5 27. Qg6+ Kh8 28. Bxh6 Rf6 29. Qg4 Qxg4+ 30. hxg4 Rxh6 31. gxh5 Rxh5 32. Rh2 Rxh2 33. Kxh2 Kg8 34. Kg3 Kf7 35. Rh1 Kf6 36. Kf4 Ra8 37. Rg1 Rh8 38. Rg6+ Kf7 39. Rxd6 Rh3 40. Ng4 Rf3+ 41. Kg5 Rg3 42. Rd7+ Ke8 43. Rxg7 e3 44. Rg6 Be2 45. Re6+ Kd7 46. Rxe3 Rxg4+ 47. Kf6 Rg2 48. Re7+ Kd6 49. Re6+ Kc7 50. Rc6+ Kb7 51. Ke7 Bh5 52. f6 Re2+ 53. Kf8 Rxb2 54. Re6 Rxb3 55. Re7+ Ka6 56. d6 Rd3 57. d7 a4 58. f7 a3 59. Kg7 a2 60. f8Q a1Q+ 61. Kh6 Rd6+ 62. Kxh5 Qh1+ 63. Kg4 Qg2+ 64. Kh4 Qh2+ 65. Kg4 Rd4+ 66. Kg5 Qh4+ 67. Kg6 Rg4+ 68. Kf7 Rf4+ 69. Ke8 Qh5+ 70. Rf7 Re4+ 71. Kd8 Qg5+ 72. Rf6 Rxc4 73. Qa3+ Kb7 74. Qf3+ Ka7 75. Qa3+ Kb7 76. Qf3+ Ka7 77. Qa3+ Kb7 1/2-1/2

[Event "GER-ch Net blitz qual2"]
[Site "Playchess.com INT"]
[Date "2021.05.04"]
[Round "10"]
[White "Rissmann, Ulrich"]
[Black "Hofmann, Matthias1111"]
[Result "1-0"]
[WhiteElo "1869"]
[BlackElo "1608"]
[PlyCount "75"]
[EventDate "2021.05.04"]
[EventType "swiss (blitz)"]
[EventRounds "11"]
[EventCountry "GER"]
[SourceTitle "CBM 202 Extra"]
[Source "ChessBase"]
[SourceDate "2021.07.31"]
[SourceVersion "1"]
[SourceVersionDate "2021.07.31"]
[SourceQuality "1"]

1. e4 c5 2. Nf3 Nc6 3. d4 cxd4 4. Nxd4 e5 5. Nb5 Nf6 6. N1c3 a6 7. Na3 Be7 8. Bd3 0-0 9. Nd5 d6 10. c4 Be6 11. 0-0 h6 12. Bd2 Bxd5 13. cxd5 Nd4 14. Nc2 Nxc2 15. Qxc2 Rc8 16. Qb3 b5 17. a4 bxa4 18. Rxa4 Rb8 19. Qa2 Qb6 20. Bc3 Ng4 21. Rxa6 Qc5 22. Rc6 Qb6 23. Rxb6 Rxb6 24. b4 Rfb8 25. b5 Nf6 26. Bb4 Nd7 27. Rb1 Bd8 28. Qa3 Bc7 29. g3 f6 30. Ba5 Ra8 31. Qb4 Rb7 32. Bxc7 Rxc7 33. Qxd6 Rb7 34. Qe6+ Kh8 35. d6 Nc5 36. Qd5 Nd7 37. Qxb7 Rd8 38. Qc7 1-0

[Event "DSOL 05 Liga Gr-C 1st"]
[Site "Playchess.com INT"]
[Date "2020.08.07"]
[Round "7.1"]
[White "Rissmann, Ulrich"]
[Black "Zeilinger, Erik"]
[Result "1-0"]
[WhiteElo "2029"]
[BlackElo "1806"]
[PlyCount "59"]
[EventDate "2020.06.22"]
[EventType "team-tourn (rapid)"]
[EventCountry "GER"]
[SourceTitle "EXT 2021"]
[Source "ChessBase"]
[SourceDate "2020.10.23"]
[SourceVersion "1"]
[SourceVersionDate "2020.10.23"]
[SourceQuality "1"]
[WhiteTeam "Koenigsbronn"]
[BlackTeam "Herzogenaurach II"]
[WhiteTeamCountry "GER"]
[BlackTeamCountry "GER"]

1. e4 Nf6 2. e5 Nd5 3. Nf3 d6 4. d4 g6 5. Be2 Bg7 6. 0-0 0-0 7. c4 Nb6 8. b3 Nc6 9. Bb2 Bg4 10. exd6 cxd6 11. h3 Bxf3 12. Bxf3 e5 13. d5 Ne7 14. Nc3 f5 15. Be2 f4 16. Ne4 Nf5 17. Ba3 Nc8 18. Rc1 Nd4 19. Rc3 Rf7 20. Bg4 Bf8 21. Rd3 b6 22. Rxd4 exd4 23. Be6 Bg7 24. Qg4 Bh6 25. Bxf7+ Kxf7 26. Qe6+ Kg7 27. Bb2 Kh8 28. Bxd4+ Bg7 29. Ng5 Qxg5 30. Qe8# 1-0

[Event "DSOL 05 Liga Gr-C 1st"]
[Site "Playchess.com INT"]
[Date "2020.07.28"]
[Round "6.1"]
[White "Hoke, Joshua Sky"]
[Black "Rissmann, Ulrich"]
[Result "0-1"]
[WhiteElo "1762"]
[BlackElo "2029"]
[PlyCount "54"]
[EventDate "2020.06.22"]
[EventType "team-tourn (rapid)"]
[EventCountry "GER"]
[SourceTitle "EXT 2021"]
[Source "ChessBase"]
[SourceDate "2020.10.23"]
[SourceVersion "1"]
[SourceVersionDate "2020.10.23"]
[SourceQuality "1"]
[WhiteTeam "Gottingen Rot-Weiss II"]
[BlackTeam "Koenigsbronn"]
[WhiteTeamCountry "GER"]
[BlackTeamCountry "GER"]

1. e4 e5 2. Nf3 Nf6 3. Nxe5 d6 4. Nf3 Nxe4 5. d4 d5 6. Bd3 Bd6 7. 0-0 Be6 8. Re1 Nf6 9. Bf5 0-0 10. Bxe6 fxe6 11. Rxe6 Ne4 12. Nc3 Qd7 13. Rxe4 dxe4 14. Nxe4 Nc6 15. c4 Rae8 16. Nxd6 cxd6 17. Be3 Ne7 18. Qd3 Qg4 19. h3 Qh5 20. Ng5 Rf5 21. Ne4 Qg6 22. Ng3 Rf7 23. Qb3 Nf5 24. Nxf5 Qxf5 25. Rc1 Re6 26. d5 Rg6 27. Bxa7 Qg5 0-1

[Event "DSOL 05 Liga Gr-C 1st"]
[Site "Playchess.com INT"]
[Date "2020.07.20"]
[Round "5.1"]
[White "Rissmann, Ulrich"]
[Black "Sagenschneider, Uwe"]
[Result "1-0"]
[WhiteElo "2029"]
[BlackElo "1883"]
[PlyCount "76"]
[EventDate "2020.06.22"]
[EventType "team-tourn (rapid)"]
[EventCountry "GER"]
[SourceTitle "EXT 2021"]
[Source "ChessBase"]
[SourceDate "2020.10.23"]
[SourceVersion "1"]
[SourceVersionDate "2020.10.23"]
[SourceQuality "1"]
[WhiteTeam "Koenigsbronn"]
[BlackTeam "Niederkassel"]
[WhiteTeamCountry "GER"]
[BlackTeamCountry "GER"]

1. e4 d6 2. d4 Nf6 3. Nc3 g6 4. f4 Bg4 5. Nf3 Bg7 6. a3 0-0 7. h3 Bxf3 8. Qxf3 c6 9. Be3 a5 10. g4 Na6 11. Be2 Nc7 12. g5 Nh5 13. Qf2 d5 14. Bxh5 gxh5 15. e5 f6 16. gxf6 exf6 17. Rg1 Kh8 18. Qe2 fxe5 19. fxe5 Qh4+ 20. Bf2 Qf4 21. Be3 Qh4+ 22. Bf2 Qf4 23. Qe3 Bh6 24. Qxf4 Bxf4 25. Ne2 Bh6 26. Bh4 Ne6 27. Bf6+ Ng7 28. Ng3 h4 29. Nh5 Rxf6 30. Nxf6 Nf5 31. c3 Ng3 32. Rd1 Rf8 33. Rd3 Bg7 34. Rf3 Ne4 35. Rgf1 Bh6 36. Nxe4 Rxf3 37. Rxf3 dxe4 38. Rf5 Bc1 1-0

[Event "DSOL 05 Liga Gr-C 1st"]
[Site "Playchess.com INT"]
[Date "2020.07.14"]
[Round "4.1"]
[White "Faber, Lutz"]
[Black "Rissmann, Ulrich"]
[Result "0-1"]
[WhiteElo "1842"]
[BlackElo "2029"]
[PlyCount "122"]
[EventDate "2020.06.22"]
[EventType "team-tourn (rapid)"]
[EventCountry "GER"]
[SourceTitle "EXT 2021"]
[Source "ChessBase"]
[SourceDate "2020.10.23"]
[SourceVersion "1"]
[SourceVersionDate "2020.10.23"]
[SourceQuality "1"]
[WhiteTeam "Zwickau"]
[BlackTeam "Koenigsbronn"]
[WhiteTeamCountry "GER"]
[BlackTeamCountry "GER"]

1. d4 Nf6 2. Bf4 d5 3. e3 c6 4. Bd3 Bg4 5. Nf3 Bh5 6. Nbd2 e6 7. c3 Nbd7 8. Rc1 Bg6 9. Qc2 Nh5 10. Bg5 Bxd3 11. Qxd3 f6 12. Bh4 g5 13. Bg3 Qe7 14. b4 a6 15. a4 Nxg3 16. hxg3 e5 17. dxe5 Nxe5 18. Qf5 Qd7 19. Qxd7+ Nxd7 20. Nd4 Ne5 21. Ke2 Kf7 22. f4 Ng4 23. Kf3 h5 24. Rce1 Re8 25. e4 c5 26. bxc5 Bxc5 27. N2b3 dxe4+ 28. Ke2 Bxd4 29. cxd4 gxf4 30. gxf4 Kg6 31. Rc1 Rc8 32. Nc5 Kf5 33. g3 Rc7 34. d5 Rhc8 35. Rxh5+ Kg6 36. d6 Kxh5 37. dxc7 Rxc7 38. Rh1+ Kg6 39. Nxe4 f5 40. Nd2 Re7+ 41. Kf1 Re3 42. Rh8 Rxg3 43. Rb8 Rd3 44. Ke2 Re3+ 45. Kf1 Re7 46. Nf3 Ne3+ 47. Kf2 Nd1+ 48. Kg3 Nc3 49. Ne5+ Kf6 50. a5 Ne4+ 51. Kf3 Rg7 52. Rf8+ Ke6 53. Re8+ Kd5 54. Rf8 Rg3+ 55. Ke2 Nc3+ 56. Kf2 Ne4+ 57. Ke2 Rg2+ 58. Ke1 Ra2 59. Rxf5 Kd4 60. Ng4 Ra1+ 61. Ke2 Ng3+ 0-1

[Event "DSOL 05 Liga Gr-C 1st"]
[Site "Playchess.com INT"]
[Date "2020.07.10"]
[Round "3.1"]
[White "Rissmann, Ulrich"]
[Black "Grotz, Stephan"]
[Result "1-0"]
[WhiteElo "2029"]
[BlackElo "1853"]
[PlyCount "101"]
[EventDate "2020.06.22"]
[EventType "team-tourn (rapid)"]
[EventCountry "GER"]
[SourceTitle "EXT 2021"]
[Source "ChessBase"]
[SourceDate "2020.10.23"]
[SourceVersion "1"]
[SourceVersionDate "2020.10.23"]
[SourceQuality "1"]
[WhiteTeam "Koenigsbronn"]
[BlackTeam "Gern SF"]
[WhiteTeamCountry "GER"]
[BlackTeamCountry "GER"]

1. e4 c5 2. Nf3 d6 3. d4 cxd4 4. Nxd4 Nf6 5. Nc3 g6 6. f3 Bg7 7. Be3 0-0 8. Qd2 Nc6 9. g4 Bd7 10. 0-0-0 Rc8 11. h4 h5 12. gxh5 Nxh5 13. Bh3 Ne5 14. Bxd7 Qxd7 15. Nce2 Nc4 16. Qd3 Nxe3 17. Qxe3 Rc5 18. Kb1 Rfc8 19. c3 Qa4 20. Nb3 Rb5 21. Ned4 Rb6 22. Rhg1 Kh7 23. Qg5 Ra6 24. Nc1 Rc5 25. Qxe7 Qc4 26. Ncb3 Rcc6 27. Nxc6 bxc6 28. Qxd6 Rb6 29. Qd3 Qa4 30. Nc1 Qa3 31. Nb3 Qe7 32. Qd7 Qxh4 33. Qxf7 c5 34. Rh1 Qf6 35. Rxh5+ gxh5 36. Qxh5+ Bh6 37. Rd7+ Kh8 38. Qe8+ Qf8 39. Qxf8+ Bxf8 40. Rxa7 Rf6 41. Rc7 Rxf3 42. Nxc5 Rf2 43. a4 Bd6 44. Rc6 Bf4 45. a5 Rf1+ 46. Ka2 Be3 47. a6 Rf7 48. e5 Ra7 49. b4 Bxc5 50. bxc5 Kg8 51. Kb3 1-0

[Event "GER Cup Net V3 U2400"]
[Site "Playchess.com INT"]
[Date "2020.05.27"]
[Round "7"]
[White "Eilenberg, Jonas"]
[Black "Rissmann, Ulrich"]
[Result "1-0"]
[WhiteElo "2173"]
[BlackElo "1816"]
[PlyCount "71"]
[EventDate "2020.05.27"]
[EventType "swiss (blitz)"]
[EventRounds "9"]
[EventCountry "GER"]
[SourceTitle "EXT 2021"]
[Source "ChessBase"]
[SourceDate "2020.10.23"]
[SourceVersion "1"]
[SourceVersionDate "2020.10.23"]
[SourceQuality "1"]

1. d4 Nf6 2. Nf3 g6 3. c4 Bg7 4. Nc3 d5 5. cxd5 Nxd5 6. e4 Nxc3 7. bxc3 0-0 8. Be2 c5 9. 0-0 Nc6 10. Be3 cxd4 11. cxd4 Bg4 12. Rc1 Bxf3 13. Bxf3 Nxd4 14. Bxd4 Bxd4 15. Qb3 Rb8 16. Rfd1 e5 17. Be2 Qe7 18. Bc4 Rfc8 19. Bd5 b6 20. Qh3 Rc5 21. Rxc5 Qxc5 22. Qd7 Bxf2+ 23. Kh1 Rf8 24. Rf1 a5 25. h3 b5 26. Kh2 b4 27. Kh1 Qa7 28. Qc6 Kg7 29. g4 h6 30. Kg2 Bh4 31. Kh1 f6 32. Qd6 f5 33. Rc1 Qf2 34. Rc7+ Rf7 35. Rxf7+ Kh8 36. Qf8# 1-0

[Event "GER Cup Net V3 U2400"]
[Site "Playchess.com INT"]
[Date "2020.05.27"]
[Round "1"]
[White "Peng, Xiang Tobias"]
[Black "Rissmann, Ulrich"]
[Result "1-0"]
[WhiteElo "2036"]
[BlackElo "1816"]
[PlyCount "133"]
[EventDate "2020.05.27"]
[EventType "swiss (blitz)"]
[EventRounds "9"]
[EventCountry "GER"]
[SourceTitle "EXT 2021"]
[Source "ChessBase"]
[SourceDate "2020.10.23"]
[SourceVersion "1"]
[SourceVersionDate "2020.10.23"]
[SourceQuality "1"]

1. e4 e5 2. Nf3 Nf6 3. Nc3 Nc6 4. Bc4 Bb4 5. d3 d6 6. 0-0 Bg4 7. h3 Bh5 8. Be3 Qd7 9. a3 Ba5 10. b4 Bb6 11. Nd5 Nxd5 12. Bxd5 0-0 13. g4 Bxg4 14. hxg4 Qxg4+ 15. Kh1 Qh3+ 16. Nh2 h5 17. Qf3 Qh4 18. Bxb6 axb6 19. Qg3 Qf6 20. Bxc6 bxc6 21. f4 exf4 22. Qxf4 Qe6 23. Qf5 Qxf5 24. Rxf5 g6 25. Rff1 Kg7 26. Kg2 b5 27. Nf3 f6 28. Nd4 Rfe8 29. Nxc6 Ra6 30. Nd4 c6 31. Ra2 Rb8 32. Rfa1 c5 33. bxc5 dxc5 34. Nf3 Ra4 35. Rb2 b4 36. Rb3 Rba8 37. Nd2 Rxa3 38. Rbxa3 Rxa3 39. Rc1 Ra8 40. Nb3 Rc8 41. Nd2 Kf7 42. Nc4 Ke6 43. Ra1 Rc6 44. Ra8 g5 45. Kg3 h4+ 46. Kg4 Rc7 47. Ra6+ Ke7 48. Nb6 Kd8 49. Nd5 Rh7 50. Nxf6 Rf7 51. Nd5 Rf2 52. Kxg5 Rxc2 53. Kxh4 Rd2 54. Nf4 b3 55. Kg4 Kc7 56. Ra1 b2 57. Rb1 Kc6 58. Kf3 Kb5 59. Ke3 Rc2 60. e5 Kb4 61. e6 Ka3 62. e7 Rc1 63. Rxb2 Kxb2 64. e8Q Re1+ 65. Ne2 c4 66. dxc4 Kc2 67. c5 1-0

[Event "GER Cup Net V3 U2400"]
[Site "Playchess.com INT"]
[Date "2020.05.27"]
[Round "8"]
[White "Rissmann, Ulrich"]
[Black "Pernutz, Hans Gerhard"]
[Result "1-0"]
[WhiteElo "1816"]
[BlackElo "1875"]
[PlyCount "23"]
[EventDate "2020.05.27"]
[EventType "swiss (blitz)"]
[EventRounds "9"]
[EventCountry "GER"]
[SourceTitle "EXT 2021"]
[Source "ChessBase"]
[SourceDate "2020.10.23"]
[SourceVersion "1"]
[SourceVersionDate "2020.10.23"]
[SourceQuality "1"]

1. e4 c5 2. Nf3 Nc6 3. Nc3 e6 4. g3 d5 5. exd5 exd5 6. d4 Nf6 7. Bg2 Be7 8. 0-0 0-0 9. h3 Bf5 10. dxc5 Bxc5 11. Kh2 Bd4 12. Nxd4 1-0

[Event "GER Cup Net V1 U2400"]
[Site "Playchess.com INT"]
[Date "2020.05.19"]
[Round "8"]
[White "Rissmann, Ulrich"]
[Black "Goessling, Guido"]
[Result "0-1"]
[WhiteElo "1864"]
[BlackElo "2011"]
[PlyCount "84"]
[EventDate "2020.05.19"]
[EventType "swiss (blitz)"]
[EventRounds "9"]
[EventCountry "GER"]
[SourceTitle "EXT 2021"]
[Source "ChessBase"]
[SourceDate "2020.10.23"]
[SourceVersion "1"]
[SourceVersionDate "2020.10.23"]
[SourceQuality "1"]

1. e4 d5 2. exd5 Nf6 3. d4 Nxd5 4. c4 Nb6 5. Nc3 e5 6. d5 c6 7. Be3 Bb4 8. a3 Bxc3+ 9. bxc3 cxd5 10. Bxb6 Qxb6 11. cxd5 0-0 12. Nf3 e4 13. Nd4 Qc5 14. c4 Nd7 15. Nb3 Qb6 16. Be2 e3 17. 0-0 Re8 18. f3 Nc5 19. Rb1 Bf5 20. Nxc5 Bxb1 21. Na4 Qa5 22. Qb3 Bf5 23. Nc3 b6 24. Qb4 Qxb4 25. axb4 a5 26. b5 Rec8 27. Ra1 Bc2 28. Ne4 Bxe4 29. fxe4 a4 30. Ra3 Kf8 31. Bd3 Ke7 32. Kf1 Kd6 33. Ke2 Kc5 34. e5 Kb4 35. Ra1 a3 36. d6 a2 37. Be4 Kb3 38. c5 bxc5 39. Bxa8 Rxa8 40. b6 Kb2 41. b7 Rb8 42. d7 Kxa1 0-1

[Event "GER Cup Net V1 U2400"]
[Site "Playchess.com INT"]
[Date "2020.05.19"]
[Round "2"]
[White "Rissmann, Ulrich"]
[Black "Henning, Marvin"]
[Result "0-1"]
[WhiteElo "1868"]
[BlackElo "2137"]
[PlyCount "70"]
[EventDate "2020.05.19"]
[EventType "swiss (blitz)"]
[EventRounds "9"]
[EventCountry "GER"]
[SourceTitle "EXT 2021"]
[Source "ChessBase"]
[SourceDate "2020.10.23"]
[SourceVersion "1"]
[SourceVersionDate "2020.10.23"]
[SourceQuality "1"]

1. e4 d5 2. exd5 Qxd5 3. Nc3 Qd6 4. d4 Nf6 5. Nf3 c6 6. Bc4 Bf5 7. h3 h6 8. Ne5 e6 9. g4 Bh7 10. Bf4 Qb4 11. Bb3 Nbd7 12. 0-0 Rd8 13. Qe2 Nxe5 14. dxe5 Nd5 15. Nxd5 cxd5 16. Bd2 Qb6 17. Ba4+ Rd7 18. Bxd7+ Kxd7 19. c4 d4 20. b4 h5 21. c5 Qc6 22. b5 Qd5 23. c6+ Kc7 24. cxb7 Kxb7 25. Ba5 d3 26. Qe3 Bc5 27. Qg5 hxg4 28. h4 Qf3 29. Rae1 Qg3+ 30. Kh1 Be4+ 31. Rxe4 Rxh4+ 32. Qxh4 Qxh4+ 33. Kg1 Qg3+ 34. Kh1 Qf3+ 35. Kg1 Qxe4 0-1

[Event "GER Cup Net V1 U2400"]
[Site "Playchess.com INT"]
[Date "2020.05.19"]
[Round "5"]
[White "Rissmann, Ulrich"]
[Black "Pernutz, Hans Gerhard"]
[Result "1-0"]
[WhiteElo "1860"]
[BlackElo "1901"]
[PlyCount "125"]
[EventDate "2020.05.19"]
[EventType "swiss (blitz)"]
[EventRounds "9"]
[EventCountry "GER"]
[SourceTitle "EXT 2021"]
[Source "ChessBase"]
[SourceDate "2020.10.23"]
[SourceVersion "1"]
[SourceVersionDate "2020.10.23"]
[SourceQuality "1"]

1. e4 c5 2. Nf3 Nc6 3. Nc3 e6 4. g3 d5 5. exd5 exd5 6. d4 Nf6 7. Bg2 cxd4 8. Nxd4 Be7 9. 0-0 0-0 10. h3 a6 11. a4 h6 12. Kh2 Bc5 13. Be3 Bb6 14. Qd2 Re8 15. Rad1 Ne5 16. b3 Ba5 17. Nde2 Be6 18. Bd4 Nc6 19. Qd3 Nxd4 20. Nxd4 Rc8 21. Nce2 Qc7 22. Nf4 Qc3 23. Qxc3 Bxc3 24. Nde2 Be5 25. Nd3 Bb8 26. Nd4 Ba7 27. Nxe6 fxe6 28. Rc1 Rc3 29. Nf4 Kf7 30. Ne2 Rc7 31. c3 Rec8 32. Bf3 e5 33. g4 e4 34. Bg2 Nd7 35. Nf4 Nf6 36. Ne2 g5 37. Kg3 Nd7 38. c4 dxc4 39. Bxe4 cxb3 40. Rb1 Nc5 41. Bf5 Re8 42. Rfe1 Nxa4 43. Rxb3 b5 44. Kf3 Rce7 45. Rd3 Nc5 46. Rdd1 b4 47. Rb1 b3 48. h4 a5 49. h5 a4 50. Bg6+ Kf6 51. Nc3 a3 52. Nd5+ Kg7 53. Rxe7+ Rxe7 54. Nxe7 a2 55. Ra1 b2 56. Rxa2 b1Q 57. Bxb1 Kf6 58. Nf5 Bb8 59. Ra8 Be5 60. Be4 Nb3 61. Ra6+ Kf7 62. Bd5+ Ke8 63. Bxb3 1-0

[Event "GER Cup Net V1 U2400"]
[Site "Playchess.com INT"]
[Date "2020.05.19"]
[Round "3"]
[White "Rissmann, Ulrich"]
[Black "Volkmer, Andreas"]
[Result "1/2-1/2"]
[WhiteElo "1862"]
[BlackElo "2037"]
[PlyCount "130"]
[EventDate "2020.05.19"]
[EventType "swiss (blitz)"]
[EventRounds "9"]
[EventCountry "GER"]
[SourceTitle "EXT 2021"]
[Source "ChessBase"]
[SourceDate "2020.10.23"]
[SourceVersion "1"]
[SourceVersionDate "2020.10.23"]
[SourceQuality "1"]

1. e4 g6 2. d4 Bg7 3. Nc3 d6 4. f4 c6 5. Nf3 Bg4 6. Be2 Qb6 7. e5 Nh6 8. Ne4 Nf5 9. c3 0-0 10. Nf2 Bxf3 11. Bxf3 c5 12. Be4 cxd4 13. Bxf5 gxf5 14. Qxd4 dxe5 15. Qxb6 axb6 16. fxe5 Nc6 17. Be3 b5 18. 0-0 Nxe5 19. Bc5 Rfe8 20. Bd4 e6 21. Rfe1 Nc4 22. Bxg7 Kxg7 23. b3 Nb6 24. Re5 Nd5 25. c4 bxc4 26. bxc4 Nc3 27. a3 Rec8 28. Nd3 Rxc4 29. h3 Ne4 30. Rb5 Ra7 31. Nb4 Rd4 32. Rb6 Rd2 33. a4 f4 34. a5 f3 35. gxf3 Ng5 36. a6 bxa6 37. Raxa6 Rxa6 38. Rxa6 Nxf3+ 39. Kf1 Ng5 40. h4 Nf3 41. h5 Rh2 42. Ra7 Rxh5 43. Nc6 Rc5 44. Nd8 Ng5 45. Kg2 Kf6 46. Kg3 h5 47. Ra1 Rc4 48. Rf1+ Kg6 49. Nb7 Rc3+ 50. Kf4 Rc4+ 51. Kg3 Rc6 52. Na5 Rc5 53. Nb7 Rc4 54. Nd6 Rg4+ 55. Kh2 h4 56. Nb5 Rb4 57. Nd6 Rb2+ 58. Kh1 f5 59. Ne8 Rd2 60. Rg1 Kh6 61. Nf6 Nf3 62. Ng8+ Kh7 63. Nf6+ Kh6 64. Ng8+ Kh5 65. Nf6+ Kh6 1/2-1/2

[Event "GER Cup Net V1 U2400"]
[Site "Playchess.com INT"]
[Date "2020.05.19"]
[Round "1"]
[White "Tiarks, Jann Christian"]
[Black "Rissmann, Ulrich"]
[Result "0-1"]
[WhiteElo "2090"]
[BlackElo "1840"]
[PlyCount "154"]
[EventDate "2020.05.19"]
[EventType "swiss (blitz)"]
[EventRounds "9"]
[EventCountry "GER"]
[SourceTitle "EXT 2021"]
[Source "ChessBase"]
[SourceDate "2020.10.23"]
[SourceVersion "1"]
[SourceVersionDate "2020.10.23"]
[SourceQuality "1"]

1. e4 e5 2. Nf3 Nf6 3. Nxe5 d6 4. Nf3 Nxe4 5. Nc3 Nxc3 6. dxc3 Be7 7. Be3 Bg4 8. Qd2 Bxf3 9. gxf3 Nc6 10. Rg1 g6 11. 0-0-0 Qd7 12. Kb1 0-0-0 13. Bb5 a6 14. Ba4 Kb8 15. Qd5 f5 16. f4 Rhe8 17. Rge1 Bf6 18. Re2 Re4 19. Rde1 Rxa4 20. f3 Ne7 21. Qf7 Nc6 22. Qxf6 b6 23. b3 Ra5 24. Bd2 Rd5 25. c4 Rc5 26. Be3 Ra5 27. Bd2 Rc5 28. Qe6 Qxe6 29. Rxe6 Nd4 30. Re8 Kc8 31. Rxd8+ Kxd8 32. Re3 b5 33. Bc3 Nc6 34. Bf6+ Kd7 35. cxb5 axb5 36. Kb2 b4 37. c3 Rb5 38. cxb4 Rxb4 39. Bg5 Rd4 40. Re2 Rd3 41. a4 Rxf3 42. Ka3 Nd4 43. Rb2 c5 44. Ka2 Ne6 45. a5 Nc7 46. Re2 Kc6 47. Re7 Rf2+ 48. Kb1 Rf1+ 49. Kc2 Ra1 50. Rxh7 Rxa5 51. Rg7 Ra2+ 52. Kb1 Rxh2 53. Rxg6 Nb5 54. Bf6 Kd5 55. Rg8 Ke4 56. Bg5 d5 57. Rb8 Nd4 58. b4 cxb4 59. Rxb4 Kd3 60. Rb8 Ne6 61. Re8 Nxg5 62. fxg5 f4 63. Rf8 Ke3 64. g6 Rg2 65. Rf5 d4 66. Re5+ Kd3 67. Rf5 Rg4 68. g7 Ke4 69. Rf7 f3 70. Kc1 Ke3 71. Kd1 Kf2 72. Kd2 Rg3 73. Kd3 Kg2 74. Kd2 Kg1 75. Kd3 f2+ 76. Ke2 d3+ 77. Kd2 f1Q 0-1

[Event "GER-ch Net Amateur Gr-A Vor3"]
[Site "Playchess.com INT"]
[Date "2020.04.16"]
[Round "4"]
[White "Rissmann, Ulrich"]
[Black "Englert, Jon"]
[Result "0-1"]
[WhiteElo "1873"]
[BlackElo "1620"]
[PlyCount "84"]
[EventDate "2020.04.16"]
[EventType "swiss (blitz)"]
[EventRounds "9"]
[EventCountry "GER"]
[SourceTitle "CBM 195 Extra"]
[Source "ChessBase"]
[SourceDate "2020.05.31"]
[SourceVersion "1"]
[SourceVersionDate "2020.05.31"]
[SourceQuality "1"]

1. e4 c5 2. Nf3 d6 3. d4 cxd4 4. Nxd4 Nf6 5. Nc3 g6 6. f3 Bg7 7. Be3 0-0 8. Qd2 Nc6 9. g4 Be6 10. h4 d5 11. g5 Nh5 12. 0-0-0 Nxd4 13. Bxd4 dxe4 14. Nxe4 Bxd4 15. Qxd4 Qxd4 16. Rxd4 Rfd8 17. Rxd8+ Rxd8 18. Bh3 Bxh3 19. Rxh3 Nf4 20. Rh2 b6 21. Rf2 Kg7 22. a4 f5 23. gxf6+ exf6 24. Rd2 Rxd2 25. Kxd2 Ng2 26. Nd6 Nxh4 27. Ke2 Nf5 28. Nxf5+ gxf5 29. c4 Kf7 30. Ke3 Ke6 31. Kf4 h5 32. b4 h4 33. Ke3 h3 34. Kf2 f4 35. Kg1 Ke5 36. a5 Kd4 37. axb6 axb6 38. c5 bxc5 39. bxc5 Kxc5 40. Kh2 Kd4 41. Kxh3 Ke3 42. Kg4 f5+ 0-1

[Event "GER-ch Net Amateur Gr-A Vor1"]
[Site "Playchess.com INT"]
[Date "2020.04.14"]
[Round "7"]
[White "Ruprecht, Martin"]
[Black "Rissmann, Ulrich"]
[Result "0-1"]
[WhiteElo "1840"]
[BlackElo "1871"]
[PlyCount "70"]
[EventDate "2020.04.14"]
[EventType "swiss (blitz)"]
[EventRounds "9"]
[EventCountry "GER"]
[SourceTitle "EXT 2021"]
[Source "ChessBase"]
[SourceDate "2020.10.23"]
[SourceVersion "1"]
[SourceVersionDate "2020.10.23"]
[SourceQuality "1"]

1. d4 Nf6 2. Nf3 g6 3. c4 Bg7 4. Nc3 d5 5. Bg5 Ne4 6. Bh4 Nxc3 7. bxc3 dxc4 8. e4 b5 9. Be2 Bb7 10. a4 c6 11. 0-0 0-0 12. Qb1 a6 13. Qb4 Re8 14. e5 Nd7 15. e6 Nb6 16. exf7+ Kxf7 17. Ng5+ Kg8 18. Bf3 Qd6 19. Qb2 Nd5 20. Rfe1 Bc8 21. Ne4 Qc7 22. Bg3 Qb6 23. Nc5 Bf5 24. Be5 Nf6 25. h3 h5 26. Ra2 Nd5 27. Bxg7 Kxg7 28. Re5 e6 29. Ra1 a5 30. axb5 cxb5 31. Bxd5 exd5 32. Rxd5 b4 33. cxb4 axb4 34. Rxa8 Rxa8 35. Re5 b3 0-1

[Event "GER-ch Net blitz qual4"]
[Site "Playchess.com INT"]
[Date "2020.03.23"]
[Round "9"]
[White "Baltic, Fatih"]
[Black "Rissmann, Ulrich"]
[Result "1-0"]
[WhiteElo "2262"]
[BlackElo "1878"]
[PlyCount "59"]
[EventDate "2020.03.23"]
[EventType "swiss (blitz)"]
[EventRounds "9"]
[EventCountry "GER"]
[SourceTitle "CBM 195 Extra"]
[Source "ChessBase"]
[SourceDate "2020.05.31"]
[SourceVersion "1"]
[SourceVersionDate "2020.05.31"]
[SourceQuality "1"]

1. Nf3 Nf6 2. g3 g6 3. Bg2 Bg7 4. 0-0 0-0 5. b3 d5 6. Bb2 c5 7. c4 Nc6 8. cxd5 Qxd5 9. Ne5 Qd6 10. Nxc6 bxc6 11. d3 e5 12. Nd2 Be6 13. Rc1 Bd5 14. Nc4 Bxc4 15. Rxc4 Rfd8 16. Qc2 Nd7 17. Ba3 Bf8 18. Rc1 Nb6 19. Rxc5 Qd4 20. Ra5 Nd5 21. Bxf8 Rxf8 22. Qxc6 Nb4 23. Qc4 Qxc4 24. Rxc4 Rab8 25. Rxa7 f5 26. a3 Na2 27. b4 Rfc8 28. Bd5+ Kh8 29. Rxc8+ Rxc8 30. Bxa2 1-0

[Event "GER-ch Net blitz qual4"]
[Site "Playchess.com INT"]
[Date "2020.03.23"]
[Round "1"]
[White "Braeutigam, Katerina"]
[Black "Rissmann, Ulrich"]
[Result "0-1"]
[WhiteElo "1696"]
[BlackElo "1878"]
[PlyCount "62"]
[EventDate "2020.03.23"]
[EventType "swiss (blitz)"]
[EventRounds "9"]
[EventCountry "GER"]
[SourceTitle "CBM 195 Extra"]
[Source "ChessBase"]
[SourceDate "2020.05.31"]
[SourceVersion "1"]
[SourceVersionDate "2020.05.31"]
[SourceQuality "1"]

1. e4 e5 2. Nf3 Nf6 3. Nxe5 d6 4. Nf3 Nxe4 5. Bc4 d5 6. Bb3 Bg4 7. d3 Nc5 8. 0-0 Be7 9. Nc3 Nxb3 10. axb3 c6 11. Bf4 0-0 12. h3 Bh5 13. Re1 Nd7 14. d4 a6 15. Qd3 Bg6 16. Qd2 Bb4 17. Ne5 Nxe5 18. Bxe5 f6 19. Bg3 Qd7 20. Re2 Qf5 21. Rae1 Qd7 22. Qf4 Rae8 23. Rxe8 Rxe8 24. Rxe8+ Qxe8 25. Qd2 h5 26. Qd1 Bxc3 27. bxc3 Qe4 28. c4 Qxc2 29. Qxc2 Bxc2 30. cxd5 cxd5 31. b4 Kf7 0-1